[Event "Moravia-Silesia Region-chT 2223"]
[Site "Czech Republic"]
[Date "2023.01.15"]
[Round "6"]
[White "Olsar, Jaroslav"]
[Black "Kopta, Jiri"]
[Result "1-0"]
[WhiteElo "2058"]
[BlackElo "1891"]
[PlyCount "43"]
[EventDate "2022.10.09"]
[EventType "team-tourn"]
[EventRounds "11"]
[EventCountry "CZE"]
[SourceTitle "EXT 2024"]
[Source "ChessBase"]
[SourceDate "2023.10.10"]
[SourceVersion "1"]
[SourceVersionDate "2023.10.10"]
[SourceQuality "1"]
[WhiteTeam "Karvina"]
[BlackTeam "Orlova Slavia III"]
[WhiteTeamCountry "CZE"]
[BlackTeamCountry "CZE"]

1. d4 d5 2. c4 Bf5 3. cxd5 Bxb1 4. Rxb1 Nf6 5. Nf3 Qxd5 6. e3 Nc6 7. a3 0-0-0 8. b4 Ne4 9. Qc2 Nd6 10. Be2 f6 11. b5 Nb8 12. Bd2 b6 13. 0-0 g5 14. Rfc1 Rd7 15. Ne1 f5 16. Nd3 Bg7 17. Nb4 Qa8 18. Nc6 g4 19. Bb4 Rf8 20. Nxe7+ Kd8 21. Bxd6 cxd6 22. Nxf5 1-0

[Event "Moravia-Silesia Region-chT 2223"]
[Site "Czech Republic"]
[Date "2022.12.11"]
[Round "5"]
[White "Olsar, Jaroslav"]
[Black "Hlavacek, Pavel1111"]
[Result "1-0"]
[WhiteElo "2058"]
[BlackElo "1600"]
[PlyCount "86"]
[EventDate "2022.10.09"]
[EventType "team-tourn"]
[EventRounds "11"]
[EventCountry "CZE"]
[SourceTitle "EXT 2024"]
[Source "ChessBase"]
[SourceDate "2023.10.10"]
[SourceVersion "1"]
[SourceVersionDate "2023.10.10"]
[SourceQuality "1"]
[WhiteTeam "Karvina"]
[BlackTeam "Koprivnice Tatra II"]
[WhiteTeamCountry "CZE"]
[BlackTeamCountry "CZE"]

1. e4 e6 2. d4 d5 3. Nc3 Nf6 4. Bg5 Be7 5. e5 Nfd7 6. h4 c5 7. Bxe7 Kxe7 8. f4 a6 9. Nf3 Nc6 10. Qd2 cxd4 11. Nxd4 Nxd4 12. Qxd4 Qb6 13. Qd3 Qc7 14. Qg3 Kf8 15. Bd3 Nc5 16. 0-0 Bd7 17. Kh1 h6 18. Rae1 Nxd3 19. cxd3 g6 20. h5 Rg8 21. Qh3 Qd8 22. Ne2 f5 23. hxg6 Rxg6 24. Nd4 Kg7 25. Rc1 Rg4 26. Qe3 Rc8 27. Kg1 Qh4 28. Rxc8 Bxc8 29. Rc1 Qd8 30. Rc2 Kh7 31. Qc1 Rg8 32. Rc7+ Kg6 33. Qc5 Qh4 34. Nf3 Qd8 35. g3 h5 36. Kf2 Qf8 37. Qc3 b5 38. b4 Kh6 39. a3 Qd8 40. Qc6 Qe8 41. Qc5 Qf8 42. Qa7 Rh8 43. Rf7 h4 1-0

[Event "Bohumin op 5th"]
[Site "Bohumin"]
[Date "2022.07.04"]
[Round "3"]
[White "Olsar, Jaroslav"]
[Black "Gajda, Rostislav"]
[Result "1-0"]
[WhiteElo "2084"]
[BlackElo "1625"]
[PlyCount "93"]
[EventDate "2022.07.02"]
[EventType "swiss"]
[EventRounds "9"]
[EventCountry "CZE"]
[SourceTitle "CBM 209 Extra"]
[Source "ChessBase"]
[SourceDate "2022.09.30"]
[SourceVersion "1"]
[SourceVersionDate "2022.09.30"]
[SourceQuality "1"]

1. e4 d6 2. d4 Nf6 3. Nc3 Nbd7 4. Bc4 e5 5. Nf3 Be7 6. 0-0 h6 7. Qe2 c6 8. a4 Qc7 9. a5 g5 10. Rd1 Nf8 11. Bb3 a6 12. Be3 Ne6 13. dxe5 dxe5 14. Qc4 Bd6 15. Na4 Qe7 16. Nb6 Rb8 17. Qd3 Bc7 18. Nxc8 Rxc8 19. g3 Ng4 20. Bxe6 Rd8 21. Qc3 Rxd1+ 22. Rxd1 Qxe6 23. Bc5 Nf6 24. Qb4 Qc8 25. Rd3 Nd7 26. Bd6 f6 27. Bxc7 Qxc7 28. Rb3 Rh7 29. Qxb7 Nc5 30. Qa8+ Kf7 31. Rb6 Qd7 32. Qxc6 Qd1+ 33. Kg2 Nd7 34. Qe6+ Kf8 35. Rd6 Qxc2 36. Rxd7 Rxd7 37. Qxd7 Qxe4 38. g4 Qb4 39. Qf5 Kg7 40. Qd7+ Kg8 41. Nd2 Qxb2 42. Ne4 Qc2 43. Qe6+ Kf8 44. Qxf6+ Kg8 45. Qg6+ Kf8 46. Qxh6+ Kf7 47. Nxg5+ 1-0

[Event "Bohumin op 5th"]
[Site "Bohumin"]
[Date "2022.07.03"]
[Round "2"]
[White "Krampol, Vladimir"]
[Black "Olsar, Jaroslav"]
[Result "1-0"]
[WhiteElo "1699"]
[BlackElo "2084"]
[PlyCount "81"]
[EventDate "2022.07.02"]
[EventType "swiss"]
[EventRounds "9"]
[EventCountry "CZE"]
[SourceTitle "CBM 209 Extra"]
[Source "ChessBase"]
[SourceDate "2022.09.30"]
[SourceVersion "1"]
[SourceVersionDate "2022.09.30"]
[SourceQuality "1"]

1. c4 e5 2. Nc3 Nf6 3. g3 d5 4. cxd5 Nxd5 5. Bg2 Nb6 6. Nf3 Nc6 7. 0-0 Be7 8. d3 0-0 9. Be3 Be6 10. Qd2 f6 11. Bxb6 axb6 12. a3 Qd7 13. e3 Rad8 14. Ne1 Na5 15. Qe2 c5 16. Rd1 Rfe8 17. f4 exf4 18. gxf4 f5 19. Nf3 Bf6 20. Ne5 Bxe5 21. fxe5 Bb3 22. d4 Bxd1 23. Rxd1 Nc6 24. e6 Qe7 25. d5 Ne5 26. Nb5 Kh8 27. e4 f4 28. Qh5 Qf6 29. Bh3 g6 30. Qe2 f3 31. Qf1 g5 32. Bf5 Ng6 33. Nc7 Re7 34. d6 Rxd6 35. Rxd6 Rxc7 36. Qb5 f2+ 37. Kf1 Rg7 38. Rd7 Re7 39. Bxg6 hxg6 40. Rxe7 Qxe7 41. Qd7 1-0

[Event "Bohumin op 4th"]
[Site "Bohumin"]
[Date "2021.07.08"]
[Round "6"]
[White "Mrazek, Roman1111"]
[Black "Olsar, Jaroslav"]
[Result "0-1"]
[WhiteElo "1563"]
[BlackElo "2158"]
[PlyCount "58"]
[EventDate "2021.07.03"]
[EventType "swiss"]
[EventRounds "9"]
[EventCountry "CZE"]
[SourceTitle "CBM 203 Extra"]
[Source "ChessBase"]
[SourceDate "2021.09.30"]
[SourceVersion "1"]
[SourceVersionDate "2021.09.30"]
[SourceQuality "1"]

1. e4 e5 2. Nf3 Nc6 3. Bb5 f5 4. d3 d6 5. 0-0 Nf6 6. Re1 Be7 7. Nc3 0-0 8. Bg5 Kh8 9. Bxc6 bxc6 10. Qd2 fxe4 11. dxe4 Nh5 12. Bxe7 Qxe7 13. Qe3 Nf4 14. Nd2 Qg5 15. Qg3 Qh6 16. Nf1 Rf6 17. Qe3 Qg6 18. Qg3 Qf7 19. Ne3 Be6 20. f3 Rg6 21. Qh4 Rf8 22. Rf1 Rh6 23. Qf2 Qh5 24. h4 g5 25. Qe1 gxh4 26. Rd1 Rg8 27. Rd2 Rhg6 28. Kh2 Rg3 29. Ne2 Nxg2 0-1

[Event "Bohumin op 4th"]
[Site "Bohumin"]
[Date "2021.07.05"]
[Round "3"]
[White "Olsar, Jaroslav"]
[Black "Fargac, Martin"]
[Result "1/2-1/2"]
[WhiteElo "2158"]
[BlackElo "2320"]
[PlyCount "99"]
[EventDate "2021.07.03"]
[EventType "swiss"]
[EventRounds "9"]
[EventCountry "CZE"]
[SourceTitle "CBM 203 Extra"]
[Source "ChessBase"]
[SourceDate "2021.09.30"]
[SourceVersion "1"]
[SourceVersionDate "2021.09.30"]
[SourceQuality "1"]

1. d4 Nf6 2. c4 e6 3. Nc3 Bb4 4. e3 0-0 5. Nf3 Bxc3+ 6. bxc3 d6 7. Bd3 Re8 8. 0-0 Nc6 9. e4 e5 10. d5 Nb8 11. Qe2 Nbd7 12. Bc2 Nf8 13. Ba4 Bd7 14. Bxd7 N6xd7 15. Ne1 Nc5 16. Nd3 Nfd7 17. f3 Nxd3 18. Qxd3 b6 19. Be3 Qe7 20. Rae1 Rf8 21. g3 f6 22. Bf2 Qf7 23. Kh1 f5 24. exf5 Qxf5 25. Qxf5 Rxf5 26. Kg2 Raf8 27. Be3 h6 28. Rd1 R5f7 29. Rf2 Kh7 30. Rff1 g5 31. g4 Kg6 32. Rf2 h5 33. h3 hxg4 34. hxg4 e4 35. fxe4 Rxf2+ 36. Bxf2 Rf4 37. Bd4 Nf6 38. e5 Nxg4 39. e6 Rf8 40. Re1 Nh6 41. Re4 Ng8 42. Re3 Ne7 43. Re1 c6 44. dxc6 Re8 45. c7 Kf5 46. Rf1+ Kxe6 47. Rf6+ Kd7 48. Rf7 Ke6 49. Rf6+ Kd7 50. Rf7 1/2-1/2

[Event "CZE-chT2F 1920"]
[Site "Czech Republic"]
[Date "2020.01.12"]
[Round "6.2"]
[White "Olsar, Jaroslav"]
[Black "Fargac, Martin"]
[Result "0-1"]
[WhiteElo "2198"]
[BlackElo "2276"]
[PlyCount "62"]
[EventDate "2019.10.13"]
[EventType "team-tourn"]
[EventRounds "11"]
[EventCountry "CZE"]
[SourceTitle "EXT 2024"]
[Source "ChessBase"]
[SourceDate "2023.10.10"]
[SourceVersion "1"]
[SourceVersionDate "2023.10.10"]
[SourceQuality "1"]
[WhiteTeam "Karvina"]
[BlackTeam "Trinec II"]
[WhiteTeamCountry "CZE"]
[BlackTeamCountry "CZE"]

1. d4 d5 2. c4 c6 3. Nf3 Nf6 4. Nc3 e6 5. e3 Nbd7 6. Qc2 Be7 7. b3 b6 8. Bd3 Bb7 9. 0-0 Rc8 10. Bb2 0-0 11. Rad1 Qc7 12. Ne5 g6 13. f4 c5 14. Qe2 Rfd8 15. g4 Ne4 16. Nb5 Qb8 17. Bxe4 dxe4 18. Nxd7 Rxd7 19. dxc5 Rxd1 20. Rxd1 Bxc5 21. Be5 Qa8 22. Nc7 Rxc7 23. Bxc7 Be7 24. Rd7 Qe8 25. Qd2 Bc8 26. Rd4 e5 27. Bxe5 Bxg4 28. Qc3 Qc8 29. Rd5 Be6 30. Rd2 Bh3 31. Rf2 Qg4+ 0-1

[Event "CZE-chT2F 1819"]
[Site "Czech Republic"]
[Date "2018.12.16"]
[Round "5.5"]
[White "Olsar, Jaroslav"]
[Black "Beseda, Roman"]
[Result "1-0"]
[WhiteElo "2216"]
[BlackElo "2069"]
[PlyCount "75"]
[EventDate "2018.10.14"]
[EventType "team-tourn"]
[EventRounds "11"]
[EventCountry "CZE"]
[SourceTitle "EXT 2022"]
[Source "ChessBase"]
[SourceDate "2021.10.06"]
[SourceVersion "1"]
[SourceVersionDate "2021.10.06"]
[SourceQuality "1"]
[WhiteTeam "Karvina"]
[BlackTeam "Dobra"]
[WhiteTeamCountry "CZE"]
[BlackTeamCountry "CZE"]

1. d4 d5 2. c4 e6 3. cxd5 exd5 4. Nc3 Nf6 5. Bg5 c6 6. Qc2 Nbd7 7. e3 Be7 8. Bd3 Nh5 9. Bxe7 Qxe7 10. 0-0-0 g6 11. h3 Ndf6 12. Kb1 Ng7 13. g4 h5 14. Nf3 Be6 15. Ne5 Nd7 16. Nxd7 Qxd7 17. e4 0-0-0 18. exd5 cxd5 19. Nxd5+ Kb8 20. Nc3 hxg4 21. d5 Bf5 22. Bxf5 gxf5 23. Qd3 Rh5 24. Qd4 Ne8 25. hxg4 Rxh1 26. Rxh1 fxg4 27. Qf4+ Nd6 28. Rg1 f5 29. Rh1 Qc7 30. Rh5 a6 31. a3 Rc8 32. Rh6 Rd8 33. Rf6 Kc8 34. Qe5 Qd7 35. Re6 Re8 36. Qf6 Ne4 37. Rxe8+ Qxe8 38. Qxf5+ 1-0

[Event "CZE-chT2F 1718"]
[Site "Czech Republic"]
[Date "2017.12.17"]
[Round "5.3"]
[White "Olsar, Jaroslav"]
[Black "Krajina, Ales"]
[Result "1/2-1/2"]
[WhiteElo "2194"]
[BlackElo "2122"]
[PlyCount "98"]
[EventDate "2017.10.15"]
[EventType "team-tourn"]
[EventRounds "11"]
[EventCountry "CZE"]
[SourceTitle "EXT 2022"]
[Source "ChessBase"]
[SourceDate "2021.10.06"]
[SourceVersion "1"]
[SourceVersionDate "2021.10.06"]
[SourceQuality "1"]
[WhiteTeam "Karvina"]
[BlackTeam "Ostrava Labortech II"]
[WhiteTeamCountry "CZE"]
[BlackTeamCountry "CZE"]

1. d4 d5 2. Nf3 Nc6 3. c4 e5 4. Nxe5 Nxe5 5. dxe5 d4 6. e3 c5 7. Bd3 Ne7 8. exd4 cxd4 9. 0-0 Nc6 10. a3 a5 11. Bf4 g5 12. Bg3 h5 13. h3 g4 14. hxg4 hxg4 15. f4 gxf3 16. Qxf3 Be6 17. Qf6 Rg8 18. Qxd8+ Rxd8 19. Bf4 Bg7 20. Re1 a4 21. Nd2 Ra8 22. Nf3 Bf8 23. Kf2 Na5 24. Nd2 Be7 25. Rac1 Rc8 26. Rh1 Kd7 27. Rhd1 Nc6 28. Nf3 Bc5 29. Ng5 Nxe5 30. Nxe6 Nxd3+ 31. Rxd3 fxe6 32. Be5 Rcf8+ 33. Kg1 Kc6 34. Rf1 Rf5 35. Rxf5 exf5 36. Kf2 Rg4 37. g3 Re4 38. Bf4 b5 39. cxb5+ Kxb5 40. Kf3 Kc4 41. Rd1 d3 42. g4 Re2 43. gxf5 Rxb2 44. f6 Rb7 45. Ke4 Bxa3 46. Rxd3 Bb2 47. Rd6 a3 48. Be5 Bxe5 49. Kxe5 a2 1/2-1/2

[Event "CZE-chT2F 1617"]
[Site "Czech Republic"]
[Date "2017.01.29"]
[Round "7.3"]
[White "Olsar, Jaroslav"]
[Black "Miturova, Magdalena"]
[Result "0-1"]
[WhiteElo "2246"]
[BlackElo "2208"]
[PlyCount "96"]
[EventDate "2016.10.09"]
[EventType "team-tourn"]
[EventRounds "11"]
[EventCountry "CZE"]
[SourceTitle "EXT 2022"]
[Source "ChessBase"]
[SourceDate "2021.10.06"]
[SourceVersion "1"]
[SourceVersionDate "2021.10.06"]
[SourceQuality "1"]
[WhiteTeam "Karvina"]
[BlackTeam "Cesky Tesin"]
[WhiteTeamCountry "CZE"]
[BlackTeamCountry "CZE"]

1. d4 Nf6 2. c4 e6 3. Nf3 Bb4+ 4. Nbd2 b6 5. a3 Bxd2+ 6. Qxd2 Bb7 7. e3 0-0 8. Be2 Ne4 9. Qc2 f5 10. 0-0 d6 11. b4 Rf6 12. d5 e5 13. Nh4 g6 14. f3 Ng5 15. f4 Nf7 16. Bb2 Nd7 17. Nf3 Qe7 18. Rad1 Re8 19. Rfe1 Bc8 20. Bf1 h6 21. h3 g5 22. c5 dxc5 23. Bb5 e4 24. Bxd7 Bxd7 25. Bxf6 Qxf6 26. Nh2 gxf4 27. exf4 cxb4 28. axb4 Qd6 29. Qd2 Bb5 30. Nf1 Rd8 31. Ng3 Qg6 32. Qc3 Nd6 33. Kh2 Rd7 34. Qe5 Rg7 35. Qe6+ Kh7 36. Qxg6+ Kxg6 37. Nf1 Nc4 38. Ne3 Nb2 39. Rd4 Nd3 40. Rf1 h5 41. g3 Rd7 42. g4 hxg4 43. hxg4 c5 44. bxc5 Nxc5 45. Rg1 Rh7+ 46. Kg3 fxg4 47. Kxg4 Kf6 48. Rg3 Be2+ 0-1

[Event "CZE-chT2F 1617"]
[Site "Czech Republic"]
[Date "2017.01.15"]
[Round "6.2"]
[White "Olsar, Jaroslav"]
[Black "Rodshtein, Tereza"]
[Result "1/2-1/2"]
[WhiteElo "2246"]
[BlackElo "2207"]
[PlyCount "51"]
[EventDate "2016.10.09"]
[EventType "team-tourn"]
[EventRounds "11"]
[EventCountry "CZE"]
[SourceTitle "EXT 2022"]
[Source "ChessBase"]
[SourceDate "2021.10.06"]
[SourceVersion "1"]
[SourceVersionDate "2021.10.06"]
[SourceQuality "1"]
[WhiteTeam "Karvina"]
[BlackTeam "Orlova Slavia"]
[WhiteTeamCountry "CZE"]
[BlackTeamCountry "CZE"]

1. d4 d5 2. c4 c6 3. Nc3 Nf6 4. cxd5 cxd5 5. Bf4 Nc6 6. e3 Bf5 7. Qb3 Na5 8. Qa4+ Bd7 9. Qc2 Rc8 10. Bd3 e6 11. h3 Be7 12. Nf3 a6 13. 0-0 0-0 14. Rfc1 Bb5 15. Bxb5 axb5 16. Qd1 Nc4 17. Nxb5 Nxb2 18. Qb3 Nc4 19. Na7 Na5 20. Rxc8 Nxb3 21. Rxd8 Nxa1 22. Rxf8+ Kxf8 23. Ne1 Ne4 24. Nb5 Bb4 25. Kf1 Nd2+ 26. Ke2 1/2-1/2

[Event "CZE-chT2F 1617"]
[Site "Czech Republic"]
[Date "2016.11.27"]
[Round "4.3"]
[White "Rakus, Pavel"]
[Black "Olsar, Jaroslav"]
[Result "1-0"]
[WhiteElo "2189"]
[BlackElo "2246"]
[PlyCount "69"]
[EventDate "2016.10.09"]
[EventType "team-tourn"]
[EventRounds "11"]
[EventCountry "CZE"]
[SourceTitle "EXT 2022"]
[Source "ChessBase"]
[SourceDate "2021.10.06"]
[SourceVersion "1"]
[SourceVersionDate "2021.10.06"]
[SourceQuality "1"]
[WhiteTeam "Benesov Dolni"]
[BlackTeam "Karvina"]
[WhiteTeamCountry "CZE"]
[BlackTeamCountry "CZE"]

1. Nf3 d5 2. g3 Nf6 3. Bg2 Bf5 4. 0-0 e6 5. b3 Be7 6. Bb2 0-0 7. d3 h6 8. Nbd2 a5 9. a3 Nbd7 10. Nh4 Bh7 11. e3 a4 12. b4 c5 13. bxc5 Bxc5 14. Qe2 Rc8 15. d4 Be7 16. c3 Nb6 17. Nhf3 Bd6 18. Qb5 Rc6 19. Rfc1 Qc7 20. Bf1 Ra8 21. c4 dxc4 22. Nxc4 Nxc4 23. Rxc4 Rxc4 24. Qxc4 Qxc4 25. Bxc4 b5 26. Bf1 b4 27. axb4 Bxb4 28. Ba3 Nd5 29. Bb5 Bc2 30. Ne1 Bb3 31. Nd3 Bxa3 32. Rxa3 Ra5 33. Bc6 Nb4 34. Nxb4 Ra7 35. Nd3 1-0

[Event "CZE-chT2F 1617"]
[Site "Czech Republic"]
[Date "2016.11.13"]
[Round "3.3"]
[White "Olsar, Jaroslav"]
[Black "Jaworski, Miroslaw"]
[Result "1/2-1/2"]
[WhiteElo "2246"]
[BlackElo "2253"]
[PlyCount "44"]
[EventDate "2016.10.09"]
[EventType "team-tourn"]
[EventRounds "11"]
[EventCountry "CZE"]
[SourceTitle "EXT 2022"]
[Source "ChessBase"]
[SourceDate "2021.10.06"]
[SourceVersion "1"]
[SourceVersionDate "2021.10.06"]
[SourceQuality "1"]
[WhiteTeam "Karvina"]
[BlackTeam "Havirov Slovan"]
[WhiteTeamCountry "CZE"]
[BlackTeamCountry "CZE"]

1. e4 c5 2. Nf3 d6 3. d4 cxd4 4. Nxd4 Nf6 5. Nc3 a6 6. Be2 e6 7. 0-0 Be7 8. Kh1 0-0 9. f4 Qc7 10. Qe1 Nc6 11. Be3 Nxd4 12. Bxd4 b5 13. a3 Bb7 14. Qg3 g6 15. Bd3 Nh5 16. Qf2 Nxf4 17. Qxf4 e5 18. Qf2 exd4 19. Qxd4 Qc5 20. Qxc5 dxc5 21. Nd5 Bxd5 22. exd5 c4 1/2-1/2

[Event "Karvina op"]
[Site "Karvina"]
[Date "2016.07.10"]
[Round "9"]
[White "Olsar, Jaroslav"]
[Black "Kosiorek, Marek"]
[Result "1-0"]
[WhiteElo "2234"]
[BlackElo "2323"]
[PlyCount "81"]
[EventDate "2016.07.02"]
[EventType "swiss"]
[EventRounds "9"]
[EventCountry "CZE"]
[SourceTitle "EXT 2017"]
[Source "ChessBase"]
[SourceDate "2016.10.25"]
[SourceVersion "1"]
[SourceVersionDate "2016.10.25"]
[SourceQuality "1"]

1. d4 Nf6 2. c4 g6 3. Nf3 Bg7 4. Nc3 0-0 5. e4 d6 6. h3 e5 7. d5 a5 8. g4 Na6 9. Be3 Nd7 10. a3 Qe7 11. Be2 f5 12. gxf5 gxf5 13. exf5 Nac5 14. Rg1 Kh8 15. Ng5 Rxf5 16. Nge4 Nxe4 17. Nxe4 Rf8 18. Qc2 Nf6 19. Bd3 Bf5 20. 0-0-0 Nxe4 21. Bxe4 Bxe4 22. Qxe4 Qf6 23. Rg4 Bh6 24. Rdg1 Bxe3+ 25. fxe3 Rg8 26. Rxg8+ Rxg8 27. Rxg8+ Kxg8 28. Qg4+ Kf7 29. Qd7+ Qe7 30. Qc8 Kg6 31. Qxb7 Kf5 32. Kd2 Ke4 33. Qc8 Qg5 34. Qg4+ Qxg4 35. hxg4 Kf3 36. b4 axb4 37. a4 b3 38. a5 b2 39. Kc2 Kxe3 40. a6 e4 41. a7 1-0

[Event "Orlova op 13th"]
[Site "Orlova"]
[Date "2016.05.27"]
[Round "7"]
[White "Olsar, Jaroslav"]
[Black "Kolar, Stanislav"]
[Result "1-0"]
[WhiteElo "2221"]
[BlackElo "2085"]
[PlyCount "61"]
[EventDate "2016.05.21"]
[EventType "swiss"]
[EventRounds "9"]
[EventCountry "CZE"]
[SourceTitle "EXT 2017"]
[Source "ChessBase"]
[SourceDate "2016.10.25"]
[SourceVersion "1"]
[SourceVersionDate "2016.10.25"]
[SourceQuality "1"]

1. e4 d5 2. exd5 Qxd5 3. Nc3 Qd6 4. d4 Nf6 5. Nf3 Nc6 6. Bb5 a6 7. Bxc6+ bxc6 8. 0-0 Bg4 9. h3 Bh5 10. g4 Bg6 11. Ne5 Nd5 12. Ne2 e6 13. c4 Ne7 14. Bf4 Qb4 15. b3 f6 16. Nxg6 hxg6 17. Qd3 Qb7 18. Nc3 g5 19. Bh2 Kf7 20. Rae1 Re8 21. f4 gxf4 22. Bxf4 Ng6 23. c5 Qc8 24. Kg2 Qd7 25. Qe4 Ne7 26. Bxc7 Qxc7 27. Qxe6+ Kg6 28. Ne4 Rg8 29. Nd6 Kh7 30. Qf7 Rh8 31. Nxe8 1-0

[Event "Orlova op 13th"]
[Site "Orlova"]
[Date "2016.05.26"]
[Round "6"]
[White "Zylka, Stanislaw"]
[Black "Olsar, Jaroslav"]
[Result "0-1"]
[WhiteElo "2179"]
[BlackElo "2221"]
[PlyCount "66"]
[EventDate "2016.05.21"]
[EventType "swiss"]
[EventRounds "9"]
[EventCountry "CZE"]
[SourceTitle "EXT 2017"]
[Source "ChessBase"]
[SourceDate "2016.10.25"]
[SourceVersion "1"]
[SourceVersionDate "2016.10.25"]
[SourceQuality "1"]

1. e4 e5 2. Nf3 Nc6 3. Bb5 a6 4. Ba4 Nf6 5. d4 exd4 6. 0-0 Be7 7. Re1 b5 8. Bb3 d6 9. a4 Bb7 10. axb5 axb5 11. Rxa8 Bxa8 12. c3 dxc3 13. Nxc3 b4 14. Bxf7+ Kxf7 15. Ng5+ Kg8 16. Qb3+ d5 17. Nxd5 Nxd5 18. exd5 Nd4 19. Qc4 Bxd5 20. Qxd4 Bxg5 21. Re5 Bf7 22. Qxd8+ Bxd8 23. Rb5 h6 24. Rxb4 Kh7 25. Bf4 Re8 26. h3 c5 27. Rb7 Kg6 28. b4 c4 29. b5 c3 30. b6 Re6 31. Rb8 Bxb6 32. Rc8 Bd4 33. Rc4 Re1+ 0-1